[Event "Wakefield 4NCL op-B 10th"]
[Site "Wakefield"]
[Date "2016.09.10"]
[Round "2.12"]
[White "Patterson, Dave"]
[Black "Livesey, R Nigel"]
[Result "1-0"]
[WhiteElo "1545"]
[BlackElo "1805"]
[PlyCount "65"]
[EventDate "2016.09.09"]
[EventType "swiss"]
[EventRounds "5"]
[EventCountry "ENG"]
[SourceTitle "EXT 2023"]
[Source "ChessBase"]
[SourceDate "2022.10.05"]
[SourceVersion "1"]
[SourceVersionDate "2022.10.05"]
[SourceQuality "1"]

1. e4 c6 2. d4 d5 3. e5 h5 4. Bd3 g6 5. Nd2 Bg4 6. Ndf3 e6 7. h3 Bxf3 8. Nxf3 Be7 9. c3 Nd7 10. Qc2 g5 11. Qd2 Nh6 12. Nxg5 Qb6 13. Qc2 c5 14. Nf3 Rc8 15. Be3 cxd4 16. Bxd4 Bc5 17. Qd2 Qd8 18. g4 Ng8 19. Ke2 Be7 20. g5 Nc5 21. g6 fxg6 22. Bxg6+ Kd7 23. Rag1 Kc7 24. Bxc5 Bxc5 25. Ng5 Qd7 26. Nf3 Rf8 27. Rg5 Qb5+ 28. Bd3 Qb6 29. Rf1 Ne7 30. b4 Rf7 31. bxc5 Qxc5 32. Nd4 Qb6 33. Rb1 1-0